000
00249nam a22000977a 4500
082
_a
624.1821 GAY
245
_a
Design of Steel Structures - 3rd edi
_c
E.G.Gaylord
250
_6
3rd
942
_2
ddc
_c
BK
999
_c
541284
_d
541284